Política de profesionalización docente / (Record no. 14596)

MARC details
000 -LEADER
campo de control de longitud fija 00838nam a2200253 i 4500
001 - NÚMERO DE CONTROL
campo de control 14596
003 - IDENTIFICADOR DE NÚMERO DE CONTROL
campo de control ES-MaACL
005 - FECHA Y HORA DE LA ÚLTIMA TRANSACCIÓN
campo de control 20240529062939.0
007 - CAMPO FIJO DE DESCRIPCIÓN FÍSICA--INFORMACIÓN GENERAL
campo de control de longitud fija t|
008 - DATOS DE LONGITUD FIJA--INFORMACIÓN GENERAL
campo de control de longitud fija 990429s1994 dr |||| | spa d
040 ## - FUENTE DE CATALOGACIÓN
Centro/agencia transcriptor ES-MaACL
080 ## - NÚMERO DE LA CLASIFICACIÓN DECIMAL UNIVERSAL
Número de la Clasificación Decimal Universal 371.13(729.3)"19"
100 1# - ENTRADA PRINCIPAL--NOMBRE DE PERSONA
Nombre de persona Prats Ramírez, Ivelisse.
9 (RLIN) 162376
Término indicativo de función/relación Autor
245 10 - MENCIÓN DEL TÍTULO
Título Política de profesionalización docente /
Mención de responsabilidad, etc. Ivelisse Prats Ramírez de Pérez.
260 ## - PUBLICACIÓN, DISTRIBUCIÓN, ETC.
Lugar de publicación, distribución, etc. Santo Domingo :
Nombre del editor, distribuidor, etc. PNUD,
Fecha de publicación, distribución, etc. 1994.
300 ## - DESCRIPCIÓN FÍSICA
Extensión 145., [54] páginas ;
Dimensiones 25 cm.
490 1# - MENCIÓN DE SERIE
Mención de serie Política educativa ;
Designación de volumen o secuencia 4
650 14 - PUNTO DE ACCESO ADICIONAL DE MATERIA--TÉRMINO DE MATERIA
Término de materia o nombre geográfico como elemento de entrada Enseñanza-
Subdivisión geográfica República Dominicana.
9 (RLIN) 162378
830 0# - PUNTO DE ACCESO ADICIONAL DE SERIE-TÍTULO UNIFORME
Título uniforme Política educativa ;
Designación de volumen o secuencia 4
9 (RLIN) 228518
852 ## - LOCALIZACIÓN
Ubicación ES-MaACL
Ubicación en estantería Depósito 2
Anotaciones manuscritas Dedicatoria autógrafa de la autora
Número de control de estantería L-21804
942 ## - ELEMENTOS DE ENTRADA SECUNDARIOS (KOHA)
Tipo de ítem Koha Libro impreso
Holdings
Estatus retirado Estado de pérdida Fuente del sistema de clasificación o colocación Estado de daño No para préstamo Colección Biblioteca de origen Biblioteca actual Ubicación en estantería Fecha de adquisición Total de préstamos Signatura topográfica completa Código de barras Visto por última vez Tipo de ítem Koha Nota pública
    Clasificación decimal universal     Libros con dedicatorias Biblioteca del Ateneo de Madrid Biblioteca del Ateneo de Madrid Depósito 2 17/01/2008   L-21804 1014844 23/02/2023 Libro impreso Dedicatoria autógrafa de la autora